000 00588nam a22002297a 4500
003 UA-OsUOA
001 87515
007 ta
008 20120919b un ||||| |||| 00| 0 ukr d
100 _aБедзик Д.І.
090 _a821,161,2
_bБ38
942 _cBK
040 _aUA-OsUOA
_bukr
_cUA-OsUOA
_dUA-OsUOA
245 _aТвори в двох томах
_b2
300 _a573 с.
955 _a3
041 _aukr
080 _a821,161,2
260 _aК.
_bДніпро
_c1978
650 7 _a82 Література. Літературознавство
_2UDC
999 _c373902
_d373902